| Tag |
First Indicator |
Second Indicator |
Subfields |
| LEADER |
00000cam a2200000 i 4500 |
| 001 |
in00000015694 |
| 005 |
20151007052559.0 |
| 008 |
791016s1979 fluab b 00010 eng d |
| 035 |
|
|
|a (OCoLC)05530099
|
| 035 |
|
|
|9 AAA8371AM
|
| 040 |
|
|
|a VPI
|c VPI
|d OCL
|d m/c
|d TXA
|d UtOrBLW
|
| 049 |
|
|
|a TXAM
|
| 050 |
|
4 |
|a QE223
|b .N33 1979
|
| 100 |
1 |
|
|a Nagle, Frederick.
|
| 245 |
1 |
0 |
|a Hispaniola, tectonic focal point of the northern Caribbean :
|b three geologic studies in the Dominican Republic /
|c Frederick Nagle, H. Currie Palmer, Gustavo A. Antonini ; compiled and edited by Barbara Lidz and Frederick Nagle.
|
| 255 |
|
|
|a Scales vary.
|
| 264 |
|
1 |
|a Miami :
|b Miami Geological Society,
|c [1979]
|
| 300 |
|
|
|a 1 atlas (vi, 96 pages) :
|b illustrations, maps ;
|c 28 cm.
|
| 336 |
|
|
|a text
|b txt
|2 rdacontent
|
| 337 |
|
|
|a unmediated
|b n
|2 rdamedia
|
| 338 |
|
|
|a volume
|b nc
|2 rdacarrier
|
| 500 |
|
|
|a "March 1979."
|
| 500 |
|
|
|a One folded map in pocket; library's copy is lacking two folded maps.
|
| 504 |
|
|
|a Includes bibliographies.
|
| 650 |
|
0 |
|a Geology
|z Dominican Republic.
|
| 700 |
1 |
|
|a Palmer, H. Currie.
|
| 700 |
1 |
|
|a Antonini, Gustavo A.
|
| 710 |
2 |
|
|a Miami Geological Society.
|
| 999 |
|
|
|a MARS
|
| 999 |
f |
f |
|s ba092dda-3399-3576-b130-0ece68a712dc
|i 9a2548e7-5039-391e-b0cd-afdb58dd770a
|t 0
|
| 952 |
f |
f |
|p ric
|a Texas A&M University
|b Rellis Campus
|c Joint Library Facility
|d Remote Storage
|t 0
|e QE223 .N33 1979
|h Library of Congress classification
|i unmediated -- volume
|m A14812570050
|
| 998 |
f |
f |
|a QE223 .N33 1979
|t 0
|l Remote Storage
|